Statistics for Countries That End in NIA

Click here to take the quiz!

General Stats

  • This quiz has been taken 28,304 times
  • The average score is 6 of 9

Answer Stats

Country % Correct
Albania
81%
Romania
76%
Slovenia
73%
Lithuania
73%
Tanzania
71%
Estonia
70%
North Macedonia
62%
Armenia
55%
Mauritania
44%

Score Distribution

Percentile by Number Answered

Percent of People with Each Score

Your Score History

You have not taken this quiz